Statistics for Top 20 Irish Players in FIFA 23

Click here to take the quiz!

General Stats

  • This quiz has been taken 13 times
  • The average score is 7 of 22

Answer Stats

NPlayerClubRating% Correct
1Matt DohertyAtlético Madrid76
92%
3Seamus ColemanEverton75
75%
6Caoimhín KelleherLiverpool73
67%
11Darren RandolphAFC Bournemouth72
42%
15Gavin BazunuSouthampton71
42%
5John EganSheffield United74
42%
1Nathan CollinsWolverhampton Wanderers76
42%
15Enda StevensSheffield United71
33%
6Mark TraversAFC Bournemouth73
33%
15Will KeaneWigan Athletic71
33%
15Dara O'SheaWest Bromwich Albion71
25%
15Jayson MolumbyWest Bromwich Albion71
25%
6Shane DuffyFulham73
25%
11Alan BrownePreston North End72
17%
3Josh CullenBurnley75
17%
11Robbie BradyPreston North End72
17%
6Ryan ManningSwansea City73
17%
15Cyrus ChristieHull City71
8%
15Danny McNamaraMillwall71
8%
6Darragh LenihanMiddlesbrough73
8%
15Luke McNallyBurnley/Coventry City71
8%
11Ciaran ClarkSheffield United72
0%

Score Distribution

Percentile by Number Answered

Percent of People with Each Score

Your Score History

You have not taken this quiz